Queenstown Airport Destinations (Queenstown, New Zealand) - Statistics

General Stats
  • This quiz has been taken 37 times
    18 since last reset
  • The average score is 7 of 9
Answer Stats
Airline Destination % Correct
Qantas/Virgin Australia Brisbane
100%
Air New Zealand/Jetstar/Qantas/Virgin Australia Melbourne
100%
Air New Zealand/Jetstar Auckland
94%
Air New Zealand Christchurch
94%
Air New Zealand/Jetstar/Qantas/Virgin Australia Sydney
94%
Air New Zealand/Jetstar Wellington
94%
Jetstar Gold Coast
76%
Air Milford/Glenorchy Air Milford Sound
59%
Glenorchy Air Stewart Island
12%
No matching quizzes found
Score Distribution
Percent of People with Each Score
Percentile by Number Answered
Your Score History
You have not taken this quiz since the last reset